| 000 | 00481nam a2200157 a 4500 | ||
|---|---|---|---|
| 001 | 000029222 | ||
| 005 | 20200930055415.0 | ||
| 008 | 110414s1960 dr 000 0 spa d | ||
| 040 |
_aDO-SdBNP _bspa _cBNPHU |
||
| 082 |
_axxx _bS715t |
||
| 100 | 1 |
_aSosa, Andrés Nicolás _944997 |
|
| 245 | 1 | 0 |
_aEl tema de actualidad nacional / _cAndrés Nicolás Sosa. |
| 260 |
_aCiudad Trujillo, República Dominicana : _bEditorial del Caribe, _c1960. |
||
| 300 |
_a8 p. ; _c24 cm. |
||
| 049 | _aBNPD | ||
| 999 |
_c28714 _d28714 |
||